An old man taught wisdom : or, the virgin unmask'd. A farce. As it is perform'd at the Theatre-Royal in Drury-Lane. By His Majesty's servants. By Henry Fielding, Esq.

Bibliographic Details
Main Author: Fielding, Henry, 1707-1754
Format: eBook
Language:English
Edition:The seventh edition.
Series:Eighteenth century collections online.
Online Access:Full text online

MARC

Tag First Indicator Second Indicator Subfields
LEADER 00000cam a2200000 4500
001 in00001927921
006 m | d |
007 cr |n||||||||n
008 800305s1770 ie |||| s 00||||eng d
005 20260414192005.0
035 |a (CStRLIN)ESTCT97444 
040 |a Uk-ES  |c Uk-ES  |d CStRLIN  |d Thomson Gale  |d UtOrBLW 
100 1 |a Fielding, Henry,  |d 1707-1754. 
245 1 3 |a An old man taught wisdom :  |b or, the virgin unmask'd. A farce. As it is perform'd at the Theatre-Royal in Drury-Lane. By His Majesty's servants. By Henry Fielding, Esq. 
250 |a The seventh edition. 
264 3 |a London [i.e. Dublin?] :  |b printed for the proprietor,  |c 1770. 
300 |a 24p. ;  |c 12⁰. 
336 |a text  |b txt  |2 rdacontent 
337 |a computer  |b c  |2 rdamedia 
338 |a online resource  |b cr  |2 rdacarrier 
500 |a Reproduction of original from the British Library. 
510 4 |a English Short Title Catalog,  |c ESTCT97444. 
533 |a Electronic reproduction.  |b Farmington Hills, Mich. :  |c Thomson Gale,  |d 2003.  |n Available via the World Wide Web.  |n Access limited by licensing agreements  |7 s2003 miunns 
500 |a Electronic resource. 
830 0 |a Eighteenth century collections online. 
856 4 0 |u http://proxy.library.tamu.edu/login?url=https://galenet.galegroup.com/servlet/ECCO?c=1&stp=Author&ste=11&af=BN&ae=T097444&tiPG=1&dd=0&dc=flc&docNum=CW110296015&vrsn=1.0&srchtp=a&d4=0.33&n=10&SU=0LRK&locID=txshracd2898  |z Full text online  |t 0 
999 |a MARS 
999 f f |s 84ba42c7-9be7-37a7-bf8b-46a0ca3abe3b  |i b66de332-57f9-3244-a04c-7e243c9b9bda  |t 0 
952 f f |a Texas A&M University  |b College Station  |c Electronic Resources  |s www_evans  |d Available Online  |t 0  |h No information provided 
998 f f |t 0  |l Available Online